The life of Lenin / (Record no. 25772)

MARC details
000 -LEADER
campo de control de longitud fija 00722cam a2200241 4500
001 - NÚMERO DE CONTROL
campo de control 20950
005 - FECHA Y HORA DE LA ÚLTIMA TRANSACCIÓN
campo de control 20230410103802.0
008 - DATOS DE LONGITUD FIJA--INFORMACIÓN GENERAL
campo de control de longitud fija 060907s1964 enk eng
020 ## - NÚMERO INTERNACIONAL ESTÁNDAR DEL LIBRO
Número Internacional Estándar del Libro 1842122304
035 ## - NÚMERO DE CONTROL DEL SISTEMA
-- funglode21103
041 ## - CÓDIGO DE IDIOMA
Código de lengua del texto/banda sonora o título independiente eng
050 14 - SIGNATURA TOPOGRÁFICA DE LA BIBLIOTECA DEL CONGRESO
Número de clasificación 338 DK 254
Número de ítem L566F 1964
082 00 - NÚMERO DE LA CLASIFICACIÓN DECIMAL DEWEY
Número de clasificación 923.247
100 1# - ENTRADA PRINCIPAL--NOMBRE DE PERSONA
Nombre de persona Fischer, Louis,
Fechas asociadas al nombre 1896-1970.
245 14 - MENCIÓN DEL TÍTULO
Título The life of Lenin /
Mención de responsabilidad, etc. Louis Fischer
260 ## - PUBLICACIÓN, DISTRIBUCIÓN, ETC.
Lugar de publicación, distribución, etc. London :
Nombre del editor, distribuidor, etc. Phoenix Press,
Fecha de publicación, distribución, etc. 1964
300 ## - DESCRIPCIÓN FÍSICA
Extensión viii, 707 p.
Otras características físicas ports.
Dimensiones 24 cm.
600 10 - PUNTO DE ACCESO ADICIONAL DE MATERIA--NOMBRE DE PERSONA
Nombre de persona Lenin, Vladimir Ilich,
Fechas asociadas al nombre 1870-1924.
650 #0 - PUNTO DE ACCESO ADICIONAL DE MATERIA--TÉRMINO DE MATERIA
Término de materia o nombre geográfico como elemento de entrada Heads of state
Subdivisión geográfica Soviet Union
Subdivisión de forma Biography.
650 #0 - PUNTO DE ACCESO ADICIONAL DE MATERIA--TÉRMINO DE MATERIA
Término de materia o nombre geográfico como elemento de entrada Revolutionaries
Subdivisión geográfica Soviet Union
Subdivisión de forma Biography.
600 14 - PUNTO DE ACCESO ADICIONAL DE MATERIA--NOMBRE DE PERSONA
Nombre de persona Lenin, Vladimir Ilich, 1870-1924.
942 ## - ELEMENTOS DE ENTRADA SECUNDARIOS (KOHA)
Fuente del sistema de clasificación o colocación Clasificación de Library of Congress
Tipo de ítem Koha
Holdings
Estatus retirado Estado de pérdida Fuente del sistema de clasificación o colocación Estado de daño No para préstamo Colección Biblioteca de origen Biblioteca actual Ubicación en estantería Fecha de adquisición Serial enumeration / chronology Signatura topográfica completa Código de barras Visto por última vez Copia número Tipo de ítem Koha
    Clasificación de Library of Congress     Recursos Regionales Biblioteca Juan Bosch Biblioteca Juan Bosch Recursos Regionales (2do. Piso) 23/10/2018 1 338 DK 254 L566F 1964 00000020275 23/10/2018 1